Lenguaje y ficción en las novelas de Beckett / (Record no. 32636)

MARC details
000 -LEADER
campo de control de longitud fija 00620nam a2200193 i 4500
001 - NÚMERO DE CONTROL
campo de control 32636
003 - IDENTIFICADOR DE NÚMERO DE CONTROL
campo de control ES-MaACL
005 - FECHA Y HORA DE LA ÚLTIMA TRANSACCIÓN
campo de control 20240429131348.0
007 - CAMPO FIJO DE DESCRIPCIÓN FÍSICA--INFORMACIÓN GENERAL
campo de control de longitud fija t|
008 - DATOS DE LONGITUD FIJA--INFORMACIÓN GENERAL
campo de control de longitud fija 030131s1969 sp ||||1| spa d
100 1# - ENTRADA PRINCIPAL--NOMBRE DE PERSONA
Nombre de persona Bernal, Olga.
9 (RLIN) 28184
245 10 - MENCIÓN DEL TÍTULO
Título Lenguaje y ficción en las novelas de Beckett /
Mención de responsabilidad, etc. Olga Bernal ; [traducción Francisco Muñiz].
260 ## - PUBLICACIÓN, DISTRIBUCIÓN, ETC.
Lugar de publicación, distribución, etc. Barcelona :
Nombre del editor, distribuidor, etc. Lumen,
Fecha de publicación, distribución, etc. [1969]
300 ## - DESCRIPCIÓN FÍSICA
Extensión 243 p. ;
Dimensiones 19 cm.
600 17 - PUNTO DE ACCESO ADICIONAL DE MATERIA--NOMBRE DE PERSONA
Nombre de persona Beckett, Samuel,
Fechas asociadas al nombre 1906-1989-
Subdivisión general Crítica e interpretación
Fuente del encabezamiento o término
9 (RLIN) 165980
700 1# - ENTRADA AGREGADA--NOMBRE PERSONAL
Nombre de persona Muñiz, Francisco.
9 (RLIN) 84262
852 ## - LOCALIZACIÓN
Ubicación ES-MaACL
Número de control de estantería C-40238
Sublocalización o colección R.73841
Holdings
Estatus retirado Estado de pérdida Estado de daño No para préstamo Biblioteca de origen Biblioteca actual Ubicación en estantería Fecha de adquisición Fuente de adquisición Total de préstamos Signatura topográfica completa Código de barras Visto por última vez Precio de reemplazo Tipo de ítem Koha
        Biblioteca del Ateneo de Madrid Biblioteca del Ateneo de Madrid Depósito 2 17/01/2008     C-40238 1033840 23/02/2023 23/02/2023 Libro impreso